MARC

LEADER 00000nam0a2200000 4500
001 36873
005 20231031003135.0
035 |a (RuTPU)RU\TPU\book\37357 
035 |a BOOK00004009 
090 |a 36873 
100 |a 20011210d1970 m y0rusy50 ca 
101 0 |a rus 
102 |a RU 
105 |a a j 001zy 
200 1 |a Уравнения в частных производных математической физики  |e учебное пособие  |f Н. С. Кошляков, Э. Б. Глинер, М. М. Смирнов 
205 |a 2-е изд. 
210 |a Москва  |c Высшая школа  |d 1970 
215 |a 710 с.  |c ил. 
320 |a Библиогр.: с. 698-700 (64 назв.). 
320 |a Предм. указ.: 701-707. 
610 1 |a математическая физика 
610 1 |a дифференциальные уравнения 
610 1 |a задачи 
610 1 |a теория 
610 1 |a теоремы 
610 1 |a учебные пособия 
675 |a 517.951(075.8)  |v 3 
675 |a 53:51(075.8)  |v 3 
700 1 |a Кошляков  |b Н. С.  |g Николай Сергеевич 
701 1 |a Глинер  |b Э. Б.  |g Эраст Борисович 
701 1 |a Смирнов  |b М. М.  |g Модест Михайлович 
801 0 |a RU  |b 63413507  |c 20011210  |g PSBO 
801 2 |a RU  |b 63413507  |c 20210124  |g PSBO 
942 |c BK